| 000 | 00489nam a2200193Ia 4500 | ||
|---|---|---|---|
| 003 | LK-CoDNM | ||
| 005 | 20240320104532.0 | ||
| 008 | 010623t1915 xxu||||| |||| 00| 1 eng d | ||
| 040 |
_aLK-CoDNM _dLK-CoDNM _eLK-CoDNM |
||
| 041 | _aeng | ||
| 080 | _aA68 | ||
| 100 | _aTailang,Lakshmana Shastri | ||
| 245 | _aThe Commentary on the Dhammapada | ||
| 260 |
_bThe Pali Text Society _aLondon _c1915 |
||
| 300 | _biv,74,21 cm | ||
| 490 | _vVol V(Indexes) | ||
| 650 | _aBuddhism | ||
| 942 | _cBK | ||
| 999 |
_c88427 _d88427 |
||